Things You Should Not Feed Dogs - Statistics

General Stats
  • This quiz has been taken 330 times
  • The average score is 7 of 16
Answer Stats
Spanish English % Correct
Chocolate Chocolate
99%
Alcohol Alcohol
96%
Maiz Corn
81%
Leche Milk
81%
Frutas Citricas Citrus Fruit
69%
Uvas Grapes
50%
Cebolla Onion
44%
Carne Cruda Raw Meat
41%
Ajo Garlic
35%
Huesos de Animales Animal Bones
29%
Aguacate Avocado
26%
Nueces Nuts
18%
Pasas Raisins
17%
Huesos de Frutas Fruit Pits
16%
Tocino Bacon
13%
Edulcorantes Artificiales Artificial Sweetners
3%
No matching quizzes found
Score Distribution
Percent of People with Each Score
Percentile by Number Answered
Your Score History
You have not taken this quiz